Statistiche per Capitali del Mondo - Asia

Clicka qui per fare il quiz!

Statistiche generali

  • Questo quiz è stato fatto 123 volte
  • Il punteggio medio è 31 su 47

Statistiche sulle risposte

NazioneCapitale% Corretto
IndiaNuova Delhi
99%
IsraeleGerusalemme
93%
SiriaDamasco
90%
GiapponeTokyo
90%
Emirati Arabi UnitiAbu Dhabi
89%
ThailandiaBangkok
88%
SingaporeSingapore
88%
CinaPechino
86%
Corea del SudSeul
86%
TurchiaAnkara
82%
IranTeheran
78%
CiproNicosia
77%
KuwaitAl Kuwait
75%
IndonesiaGiacarta
75%
AfghanistanKabul
75%
VietnamHanoi
74%
FilippineManila
74%
Arabia SauditaRiad
73%
MongoliaUlan Bator
73%
Corea del NordPyongyang
71%
AzerbaigianBaku
70%
GeorgiaTbilisi
70%
IraqBaghdad
68%
LibanoBeirut
68%
QatarDoha
68%
PakistanIslamabad
68%
BangladeshDacca
62%
MalesiaKuala Lumpur
62%
MaldiveMale
62%
ArmeniaErevan
59%
NepalKatmandu
58%
GiordaniaAmman
56%
CambogiaPhnom Penh
56%
Sri LankaSri Jayawardenapura Kotte
55%
LaosVientiane
55%
YemenSana'a
53%
KazakistanAstana
52%
Timor EstDili
52%
UzbekistanTashkent
52%
BahreinManama
49%
OmanMascate
49%
BhutanThimphu
48%
TurkmenistanAşgabat
44%
KirghizistanBiškek
42%
BruneiBandar Seri Begawan
40%
TagikistanDušanbe
38%
MyanmarNaypyidaw
36%

Distribuzione punteggi

Percentile per numero di risposta

Percentuale di utenti per punteggio

I tuoi punteggi nel tempo

Non hai fatto questo quiz